Исследование экструдирования контактной массы низкотемпиратурного катализатора синтеза метанола; Методы исследования в химии и химической технологии

מידע ביבליוגרפי
Parent link:Методы исследования в химии и химической технологии.— 1986.— С. 53-58
מחברים אחרים: Михеева Е. А., Витюгин В. М., Медведев М. Д., Швалев Ю. Б., Суровежко Е. В.
שפה:רוסית
יצא לאור: 1986
נושאים:
פורמט: MixedMaterials Book Chapter
KOHA link:https://koha.lib.tpu.ru/cgi-bin/koha/opac-detail.pl?biblionumber=594220

MARC

LEADER 00000naa0a2200000 4500
001 594220
005 20250203150009.0
035 |a (RuTPU)RU\TPU\tpu\8633 
035 |a RU\TPU\tpu\8625 
090 |a 594220 
100 |a 20020520d1986 k y0rusy50 ca 
101 0 |a rus 
102 |a RU 
200 1 |a Исследование экструдирования контактной массы низкотемпиратурного катализатора синтеза метанола  |f Е. А. Михеева [и др.] 
320 |a Библиогр.: 5 назв. - Деп. в ОНИИТЭХИМ,г. Черкассы, 18.07.86, № 897-ХП-86. 
463 |t Методы исследования в химии и химической технологии  |o материлы научно-практической конференции (Томск, 20-22 мая 1986)  |o секция "Процессы, машины и аппараты химических производств"  |v С. 53-58  |d 1986 
610 1 |a труды учёных ТПУ 
701 1 |a Михеева  |b Е. А.  |c ХТФ  |f 1960-  |3 (RuTPU)RU\TPU\pers\3521 
701 1 |a Витюгин  |b В. М.  |c доктор технических наук  |c ХТФ  |f 1927-  |3 (RuTPU)RU\TPU\pers\3448 
701 1 |a Медведев  |b М. Д.  |c кандидат технических наук  |c ХТФ  |f 1942-  |3 (RuTPU)RU\TPU\pers\3509 
701 1 |a Швалев  |b Ю. Б.  |c ХТФ  |f 1959-  |3 (RuTPU)RU\TPU\pers\3508 
701 1 |a Суровежко  |b Е. В.  |c ХТФ  |3 (RuTPU)RU\TPU\pers\3522 
801 2 |a RU  |b 63413507  |c 20100128  |g PSBO 
942 |c BK